[Event "Challenge"]
[Site "http://www.queenalice.com/game.php?id=774907"]
[Date "2010.5.13"]
[Round "-"]
[White "scacchipazzo"]
[Black "pokerninja"]
[Result "1-0"]
[WhiteElo "1503"]
[BlackElo "1258"]

1. e4 d5 2. exd5 Qxd5 3. Nc3 Qe6+ 4. Be2 a6 5. Nf3 Nd7 6. d4 c6 7. O-O b5 8. Re1
Bb7 9. Bxb5 axb5 10. Rxe6 fxe6 11. Ng5 e5 12. Ne6 Rc8 13. dxe5 Nxe5 14. Qh5+ g6
15. Qxe5 Nf6 16. Bg5 Bg7 17. Nxg7+ Kf7 18. Ne6 h6 19. Bh4 g5 20. Bg3 Rhe8 21.
Re1 b4 22. Ne4 Nd7 23. Qf5+ Nf6 24. Nxf6 exf6 25. Qh7# 1-0

[Event "Challenge"]
[Site "http://www.queenalice.com/game.php?id=781110"]
[Date "2010.5.26"]
[Round "-"]
[White "Baruch"]
[Black "pokerninja"]
[Result "1-0"]
[WhiteElo "1430"]
[BlackElo "1298"]

1. e4 e6 2. Nc3 c6 3. Nf3 d5 4. exd5 exd5 5. d4 h6 6. Bd3 f5 7. O-O g5 8. Ne5
Ne7 9. Qh5+ Ng6 10. Re1 Qf6 11. Ng4+ Kf7 12. Nxf6 Kxf6 13. Qe2 Nd7 14. Bxf5 Kxf5
15. Qe6# 1-0

[Event "Challenge"]
[Site "http://www.queenalice.com/game.php?id=781111"]
[Date "2010.5.26"]
[Round "-"]
[White "roidechecs"]
[Black "pokerninja"]
[Result "1-0"]
[WhiteElo "1472"]
[BlackElo "1340"]

1. e4 a5 2. d4 d5 3. Qd3 e6 4. Nc3 Nf6 5. exd5 Nxd5 6. Nf3 h6 7. Nxd5 Qxd5 8.
Be2 f5 9. c4 Qd8 10. O-O Qf6 11. Bf4 Bd6 12. Bxd6 cxd6 13. Rac1 e5 14. dxe5 dxe5
15. Qd5 Be6 16. Qxb7 e4 17. Qxa8 O-O 18. Nd2 Qxb2 19. Rfd1 Rd8 20. Qxa5 Rf8 21.
Rb1 Qe5 22. Qxe5 Re8 23. Rxb8 Rxb8 24. Qxb8+ 1-0

[Event "AUTO-BEG-398"]
[Site "http://www.queenalice.com/game.php?id=781134"]
[Date "2010.5.26"]
[Round "1"]
[White "pokerninja"]
[Black "marcelouco"]
[Result "0-1"]
[WhiteElo "1318"]
[BlackElo "1543"]

1. e3 Nf6 2. d4 d5 3. Nf3 Nc6 4. a4 Bf5 5. Bd3 Bxd3 6. cxd3 e6 7. e4 Bb4+ 8. Nc3
Bxc3+ 9. bxc3 O-O 10. Ba3 Re8 11. e5 Nd7 12. Qb3 Na5 13. Qb4 b6 14. Rc1 g6 15.
Nd2 Nc6 16. Qb3 Qg5 17. g3 Qf5 18. Qc2 a5 19. c4 Nxd4 20. Qb2 Qxe5+ 21. Ne4 dxe4
22. O-O Nf3+ 23. Kg2 Qxb2 24. Bxb2 Nd2 25. Rfd1 Nb3 26. Rc3 Nbc5 27. Ra3 exd3
28. Bd4 e5 29. Be3 e4 30. Bf4 Ne5 31. Re1 Nxc4 32. f3 Nxa3 33. fxe4 Rxe4 34. Rf1
Rc8 35. h4 Re2+ 36. Kf3 Nxa4 0-1

[Event "AUTO-BEG-398"]
[Site "http://www.queenalice.com/game.php?id=781135"]
[Date "2010.5.26"]
[Round "1"]
[White "marcelouco"]
[Black "pokerninja"]
[Result "1-0"]
[WhiteElo "1550"]
[BlackElo "1311"]

1. e4 d5 2. Qf3 Nf6 3. exd5 Qxd5 4. Nc3 Qc6 5. Qxc6+ Nxc6 6. Nf3 e5 7. Bc4 Be6
8. Bxe6 fxe6 9. d3 Nd4 10. Nxd4 exd4 11. Nb5 O-O-O 12. Nxa7+ Kd7 13. Nb5 c6 14.
Nxd4 Bc5 15. Nf3 Rhe8 16. Bg5 e5 17. Bxf6 gxf6 18. Rd1 Ra8 19. a3 e4 20. dxe4+
Kc7 21. O-O Rxe4 22. Rfe1 f5 23. Rxe4 fxe4 24. Ng5 h6 25. Nxe4 h5 26. Nxc5 Rg8
27. h4 Rg4 28. g3 b6 29. Rd7+ Kc8 30. Rh7 bxc5 31. Rxh5 c4 32. b3 Kb7 33. bxc4
Rxc4 34. Rh7+ Kb6 35. h5 Rxc2 36. g4 Rc3 37. g5 Rxa3 38. g6 Ra1+ 39. Kg2 Ra8 40.
g7 c5 41. Rh8 c4 42. g8=Q Rxg8+ 43. Rxg8 c3 44. Rc8 1-0

[Event "AUTO-BEG-398"]
[Site "http://www.queenalice.com/game.php?id=781136"]
[Date "2010.5.26"]
[Round "1"]
[White "pokerninja"]
[Black "I_BOSS_BO"]
[Result "1-0"]
[WhiteElo "1305"]
[BlackElo "1338"]

1. a4 e6 2. d4 Nc6 3. Nf3 h5 4. h4 d5 5. c3 a5 6. Na3 f5 7. b4 axb4 8. cxb4
Bxb4+ 9. Bd2 Bd7 10. Nc2 Bd6 11. Rc1 Nh6 12. Ng5 Rxa4 13. f4 Nxd4 14. e3 Nb3 15.
Rb1 Nc5 16. Nd4 1-0

[Event "AUTO-BEG-398"]
[Site "http://www.queenalice.com/game.php?id=781137"]
[Date "2010.5.26"]
[Round "1"]
[White "I_BOSS_BO"]
[Black "pokerninja"]
[Result "0-1"]
[WhiteElo "1321"]
[BlackElo "1322"]

1. Nf3 d5 2. d4 Nf6 3. h4 a6 4. c4 e6 5. Qa4+ c6 6. e3 Bd7 7. Qb3 b5 8. c5 a5 9.
a4 b4 10. Be2 Be7 11. g4 Ne4 12. Nbd2 f6 13. Nxe4 dxe4 14. Nd2 f5 0-1

[Event "AUTO-INT-1710"]
[Site "http://www.queenalice.com/game.php?id=781230"]
[Date "2010.5.26"]
[Round "1"]
[White "sasquatico"]
[Black "pokerninja"]
[Result "1-0"]
[WhiteElo "1682"]
[BlackElo "1336"]

1. c4 e6 2. Nf3 d5 3. cxd5 Qxd5 4. Nc3 Qc6 5. d4 Nf6 6. e3 Nbd7 7. Bb5 Qb6 8.
O-O c6 9. Be2 c5 10. dxc5 Qxc5 11. Nd4 Nd5 12. Bb5 a6 13. Bxd7+ Bxd7 14. Ne4 Qb6
15. a3 f5 16. Ng3 Bb5 17. Re1 Bc5 18. b4 Bd6 19. Nxe6 a5 20. Qxd5 h5 21. Nxg7+
Kd7 22. Qe6+ Kc7 23. N7xf5 Rad8 24. Bb2 Rhe8 25. Rac1+ Bc6 26. Rxc6+ Qxc6 27.
Qf7+ Qd7 28. Rc1+ Kb8 29. Qd5 axb4 30. axb4 Bxb4 31. Qxd7 Rxd7 32. Nxh5 Re5 33.
Bxe5+ 1-0

[Event "AUTO-INT-1710"]
[Site "http://www.queenalice.com/game.php?id=781231"]
[Date "2010.5.26"]
[Round "1"]
[White "pokerninja"]
[Black "sasquatico"]
[Result "0-1"]
[WhiteElo "1340"]
[BlackElo "1637"]

1. d4 Nf6 2. a4 e6 3. h4 g6 4. e3 Bg7 5. c3 O-O 6. f4 a6 7. Be2 d5 8. b4 Ne4 9.
Rh3 e5 10. g4 exd4 11. exd4 Re8 12. Qc2 f5 13. g5 Qe7 14. Nd2 Nd7 15. Nf1 Nb6
16. c4 Nd6 17. Ne3 Bxd4 18. Ra2 Ndxc4 19. a5 Nxe3 20. Bxe3 Bxe3 21. Rxe3 Qxe3
22. Qxc7 Qxg1+ 23. Kd2 Nc4+ 24. Bxc4 Qe3+ 25. Kc2 dxc4 26. Qxc4+ Be6 27. Qc7
Bxa2 28. Qxb7 Rac8+ 29. Kb2 Qb3+ 30. Ka1 Qb1# 0-1

[Event "Challenge"]
[Site "http://www.queenalice.com/game.php?id=817805"]
[Date "2010.8.13"]
[Round "-"]
[White "pokerninja"]
[Black "vinoseco"]
[Result "1-0"]
[WhiteElo "1347"]
[BlackElo "1381"]

1. e3 e6 2. h4 Nc6 3. c3 Nf6 4. a4 b6 5. d4 Ne4 6. f3 Ng3 7. Rh3 Nh5 8. g4 Nf6
9. h5 h6 10. b4 a6 11. b5 axb5 12. Bxb5 Nb8 13. f4 Ra5 14. c4 c6 15. g5 Ne4 16.
Qd3 Nd6 17. Bd2 cxb5 18. Bxa5 bxc4 19. Qc2 bxa5 20. e4 Bb7 21. d5 Qb6 22. Ne2
hxg5 23. Nbc3 Na6 24. f5 e5 25. Rb1 Nb4 26. Qd2 f6 27. Nb5 Nxe4 28. Qc1 Nd3+ 29.
Rxd3 cxd3 30. Nc7+ Kd8 31. Rxb6 Rxh5 32. Ng1 Rh1 33. Qe3 Bc5 34. Qxe4 Rxg1+ 35.
Kd2 Bxb6 36. Nb5 Ba6 37. Qxd3 g4 38. Qb3 g3 39. d6 Kc8 40. Qc4+ Kb7 41. Qf7 g2
42. Qxd7+ Kb8 43. Qc6 Bb7 44. Qxb6 Rb1 45. Qa7+ Kc8 46. Qc5+ Kb8 47. d7 g1=Q 48.
Qc7+ Ka8 49. d8=R+ Bc8 50. Qxc8# 1-0

[Event "Challenge"]
[Site "http://www.queenalice.com/game.php?id=829085"]
[Date "2010.9.7"]
[Round "-"]
[White "YuGi"]
[Black "pokerninja"]
[Result "0-1"]
[WhiteElo "1331"]
[BlackElo "1366"]

1. e4 e5 2. Qf3 f6 3. Nc3 h5 4. Nd5 c6 5. Ne3 Ne7 6. Nf5 Ng6 7. g3 d5 8. exd5
cxd5 9. Bb5+ Nd7 10. Qxd5 Ne7 11. Nxe7 Bxe7 12. Bc4 Nc5 13. Qf7+ Kd7 14. Qd5+
Kc7 15. Qxd8+ Kxd8 16. b4 Ne6 17. Nf3 Bxb4 18. Nh4 a5 19. Nf5 Nd4 20. Bb3 Bxf5
21. c3 Nf3+ 22. Kd1 Bd6 23. Bb2 e4 24. h3 Re8 25. Bf7 Rh8 26. h4 g5 27. Bd5 gxh4
0-1

[Event "Challenge"]
[Site "http://www.queenalice.com/game.php?id=843348"]
[Date "2010.10.8"]
[Round "-"]
[White "mickeymouse"]
[Black "pokerninja"]
[Result "0-1"]
[WhiteElo "1362"]
[BlackElo "1381"]

1. g3 d5 2. Bg2 e6 3. d4 c5 4. Nf3 Nc6 5. dxc5 Bxc5 6. O-O e5 7. Bg5 f6 8. Be3
d4 9. Bd2 Nge7 10. Be1 Nf5 11. Nbd2 Qb6 12. Ne4 Be7 13. a4 g5 14. b3 Be6 15. g4
Nd6 16. Nxd6+ Bxd6 17. a5 Qb5 18. c3 Bxb3 19. Qd3 Bc4 20. Qe4 Qb2 21. Bd2 O-O-O
22. Rab1 Qa3 23. Qf5+ Rd7 24. Qxf6 dxc3 25. Bxg5 Rf8 26. Qh6 Bxe2 27. Rfc1 Bxf3
28. Bxf3 Rxf3 29. Be3 Qa2 30. Rf1 c2 31. Qh5 cxb1=Q 32. Rxb1 Qxb1+ 33. Kg2 e4
34. g5 Ne5 35. Bxa7 Rdf7 36. Bd4 Qd3 37. g6 hxg6 38. Qh8+ Kd7 39. Qa8 Qxd4 40.
Qxb7+ Ke6 41. h3 Qxf2+ 42. Kh1 Rxh3# 0-1

[Event "Challenge"]
[Site "http://www.queenalice.com/game.php?id=872613"]
[Date "2010.12.16"]
[Round "-"]
[White "thedocwat"]
[Black "pokerninja"]
[Result "1-0"]
[WhiteElo "1163"]
[BlackElo "1396"]

1. e4 Na6 2. d4 c5 3. Nf3 b6 4. Nc3 e6 5. Bf4 g5 6. Bxg5 Nf6 7. Bb5 Bb7 8. O-O
h6 9. Bh4 Be7 10. Ne5 Bc6 11. Bxa6 Bxe4 12. Qe2 cxd4 13. Nxe4 Nxe4 14. Qxe4 Bxh4
15. Qxd4 Rc8 16. Bxc8 Qxc8 17. Nf3 Be7 18. Qxh8+ 1-0